| 000 | 00678nam a2200181 i 4500 | ||
|---|---|---|---|
| 001 | 81242 | ||
| 003 | ES-MaACL | ||
| 005 | 20230906174411.0 | ||
| 007 | t| | ||
| 008 | 041103s1923 fr ||||1| fre d | ||
| 100 | 1 |
_aHuchon, Rene. _964514 |
|
| 245 | 1 | 0 |
_aHistoire de la langue anglaise / _cRené Huchon. |
| 260 |
_aParis : _bArmand Colin, _c1923 ( _eMaçon : _fProtat Frères) |
||
| 300 |
_a2 v. ; _c23 cm. |
||
| 505 | 8 | _aContiene: T. I. Des origines à la conquête normande (450-1066). 1923. XII-331 p. -- T. 2. De la conquête normande à l'introduction de l'imprimerie (1066-1475) VII-392 p | |
| 650 | 0 | 4 |
_aLengua inglesa- _xHistoria. _914278 |
| 852 |
_aES-MaACL _jA-2362-63 |
||
| 999 |
_c81242 _d81242 |
||